MARC details
| 000 -LEADER |
| campo de control de longitud fija |
01573cam a2200337 c 4500 |
| 001 - NÚMERO DE CONTROL |
| campo de control |
73049 |
| 003 - IDENTIFICADOR DE NÚMERO DE CONTROL |
| campo de control |
ES-MaACL |
| 005 - FECHA Y HORA DE LA ÚLTIMA TRANSACCIÓN |
| campo de control |
20260326140313.0 |
| 008 - DATOS DE LONGITUD FIJA--INFORMACIÓN GENERAL |
| campo de control de longitud fija |
900725s1917 sp | |||| 000 0 spa |
| 016 7# - NÚMERO DE CONTROL DE UNA AGENCIA BIBLIOGRÁFICA NACIONAL |
| Número de control del registro |
bimoBNE19981689442 |
| Número de control cancelado/no válido |
IND9200367835 |
| Fuente |
SpMaBN |
| 035 ## - NÚMERO DE CONTROL DEL SISTEMA |
| Número de control de sistema |
(OCoLC)432012306 |
| 035 ## - NÚMERO DE CONTROL DEL SISTEMA |
| Número de control de sistema |
(SpMaBN)bimo0000923811 |
| 040 ## - FUENTE DE CATALOGACIÓN |
| Centro catalogador/agencia de origen |
SpMaBN |
| Lengua de catalogación |
spa |
| Centro/agencia transcriptor |
A2 |
| 080 ## - NÚMERO DE LA CLASIFICACIÓN DECIMAL UNIVERSAL |
| Número de la Clasificación Decimal Universal |
929 |
| Identificador de la edición |
summary |
| 080 ## - NÚMERO DE LA CLASIFICACIÓN DECIMAL UNIVERSAL |
| Número de la Clasificación Decimal Universal |
929(460)"18/19":342.532 |
| 100 ## - ENTRADA PRINCIPAL--NOMBRE DE PERSONA |
| Nombre de persona |
Gómez Bardají, Julio, |
| Fechas asociadas al nombre |
n. 1870 |
| 9 (RLIN) |
239902 |
| 245 10 - MENCIÓN DEL TÍTULO |
| Título |
Listas de los presidentes del Congreso desde 1810 |
| Mención de responsabilidad, etc. |
publícalas Julio Gómez Bardají |
| 260 ## - PUBLICACIÓN, DISTRIBUCIÓN, ETC. |
| Lugar de publicación, distribución, etc. |
[S.l.] |
| Nombre del editor, distribuidor, etc. |
[s.n.] |
| Fecha de publicación, distribución, etc. |
1917 |
| Lugar de fabricación/manufactura |
Madrid |
| Fabricante |
Imp. Valentín Tordesillas |
| 300 ## - DESCRIPCIÓN FÍSICA |
| Extensión |
37 p. |
| Dimensiones |
21 cm |
| 336 ## - TIPO DE CONTENIDO |
| Término de tipo de contenido |
Texto (visual) |
| Fuente |
isbdcontent |
| 337 ## - TIPO DE MEDIO |
| Nombre/término del tipo de medio |
sin mediación |
| Fuente |
isbdmedia |
| 610 17 - PUNTO DE ACCESO ADICIONAL DE MATERIA--NOMBRE DE ENTIDAD CORPORATIVA |
| Nombre de entidad corporativa o nombre de jurisdicción como elemento de entrada |
España |
| Unidad subordinada |
Cortes Generales |
| -- |
Congreso |
| Subdivisión general |
Presidentes |
| Fuente del encabezamiento o término |
embne |
| 9 (RLIN) |
153092 |
| 852 ## - LOCALIZACIÓN |
| Ubicación en estantería |
Depósito folletos |
| Signatura antigua |
1496-F-13 |
| Ubicación |
ES-MaACL |
| itemnumber |
73049 |
| 856 4# - LOCALIZACIÓN Y ACCESO ELECTRÓNICOS |
| Identificador Uniforme de Recursos |
<a href="http://bdh-rd.bne.es/viewer.vm?id=0000088323&page=1">http://bdh-rd.bne.es/viewer.vm?id=0000088323&page=1</a> |
| Texto de enlace |
Biblioteca Digital Hispánica |
| 942 ## - ELEMENTOS DE ENTRADA SECUNDARIOS (KOHA) |
| Fuente del sistema de clasificación o colocación |
Clasificación decimal universal |
| 956 ## - LOCALIZACIÓN Y ACCESO ELECTRÓNICOS LOCAL (OCLC) |
| Nombre del host |
1 2 |
| 980 ## - EQUIVALENCIA O REFERENCIA-CRUZADA-MENCIÓN DE SERIE--NOMBRE DE PERSONA/TÍTULO [LOCAL, CANADÁ] |
| Títulos y otros términos asociados al nombre |
Donativo de |
| Nombre de persona |
Julia Martín |
| Fechas asociadas al nombre |
1975 |
| Nombre de persona |
Eduardo Comín Colomer (1908-1975) |
| -- |
Conservación en rústica |
| -- |
En caja de conservación |
| Lenguaje de la obra |
Papel ácido |
| -- |
Hojas sueltas |
| -- |
Cubierta manchada |
| Nombre de persona |
En contenedor de conservación |
| Títulos y otros términos asociados al nombre |
2006 |
| Nombre de persona |
Retirado de consulta |
| -- |
SpMaBN |
| Numeración |
BNMADRID |
| Calificador de atribución |
3/100850 |
| Títulos y otros términos asociados al nombre |
SG_RECOLET |
| 980 ## - EQUIVALENCIA O REFERENCIA-CRUZADA-MENCIÓN DE SERIE--NOMBRE DE PERSONA/TÍTULO [LOCAL, CANADÁ] |
| Nombre de persona |
Rústica |
| -- |
SpMaBN |
| Numeración |
BNMADRID |
| Calificador de atribución |
VC/667/13 |
| Títulos y otros términos asociados al nombre |
SG_RECOLET |
| 980 ## - EQUIVALENCIA O REFERENCIA-CRUZADA-MENCIÓN DE SERIE--NOMBRE DE PERSONA/TÍTULO [LOCAL, CANADÁ] |
| Nombre de persona |
Microfilme |
| Numeración |
Madrid |
| Títulos y otros términos asociados al nombre |
Biblioteca Nacional |
| Fechas asociadas al nombre |
2005 |
| Término indicativo de función/relación |
1 carrete de microfilme (25 fotogramas) ; 35 mm |
| Nombre de persona |
SpMaBN |
| Numeración |
BNALCALA |
| Calificador de atribución |
DGMICRO/54485 |
| Títulos y otros términos asociados al nombre |
SG_PETANTI |